An Microeconomics: An Intermediate Text (Record no. 654)

MARC details
005 - DATE AND TIME OF LATEST TRANSACTION
control field 20250314150658.0
020 ## - INTERNATIONAL STANDARD BOOK NUMBER
International Standard Book Number 0-256-05780-X
082 ## - DEWEY DECIMAL CLASSIFICATION NUMBER
Classification number 338.5 PRA
100 ## - MAIN ENTRY--PERSONAL NAME
Author name PRAGER, J.
245 ## - TITLE STATEMENT
Title An Microeconomics: An Intermediate Text
260 ## - PUBLICATION, DISTRIBUTION, ETC.
Place of publication, distribution, etc. Boston,
Name of publisher, distributor, etc. Richard D. Irwin,
Date of publication, distribution, etc. 1993.
300 ## - PHYSICAL DESCRIPTION
Extent xxiv, 744p.: ill,; figure, graph, table
Other physical details Glossary, index
Dimensions 24cm.
942 ## - ADDED ENTRY ELEMENTS (KOHA)
Source of classification or shelving scheme Dewey Decimal Classification
Koha item type Books
Holdings
Date last seen Total checkouts Full call number Barcode Cost, replacement price Price effective from Koha item type Lost status Source of classification or shelving scheme Damaged status Not for loan Withdrawn status Home library Current library Shelving location Date acquired Cost, normal purchase price
03/14/2025   338.5 PRA 0000002626 30000.00 03/14/2025 Books   Dewey Decimal Classification       College of Business Education Main Library College of Business Education Main Library General Collection 03/14/2025 10000.00